[Event "Junior Online 4NCL Division 3"]
[Site "online"]
[Date "2021.09.16"]
[EventDate "2021.09.16"]
[Round "3.93"]
[White "Haga, Viktor"]
[WhiteElo "1173"]
[WhiteTeam "Coldfall Bishops"]
[Black "Dane, Antony"]
[BlackElo "1361"]
[BlackTeam "Desert Penguins Saturn"]
[Result "0-1"]
[PlyCount "154"]

1. e4 c5 2. Bc4 d6 3. Nc3 Nf6 4. Nf3 a6 5. e5 dxe5 6. Nxe5 e6 7. O-O Qd4 8. Re1 b5 9. Bd3 Bb7 10. Qe2 c4 11. Be4 Nxe4 12. Nxe4 Qxe5 13. f3 Bxe4 14. fxe4 Bc5+ 15. Kh1 Nd7 16. c3 Qc7 17. Rf1 O-O 18. d4 Be7 19. Qg4 Nf6 20. Qe2 b4 21. Bg5 bxc3 22. bxc3 h6 23. Bxf6 Bxf6 24. e5 Bg5 25. a4 Qa5 26. Qxc4 Rac8 27. Qe2 Rxc3 28. Rf2 Re3 29. Qd1 Qb4 30. Rb1 Qc4 31. Rc1 Rc3 32. Rb1 Rc1 33. Rxc1 Qxc1 34. Qxc1 Bxc1 35. g3 Be3 36. Rc2 Bxd4 37. Re2 Rc8 38. Kg2 Rc5 39. h4 Rxe5 40. Rc2 Ra5 41. Rc4 Bf6 42. Kf3 Rf5+ 43. Kg4 h5+ 44. Kh3 Be5 45. Rc6 Rf3 46. Rxa6 Rxg3+ 47. Kh2 Ra3+ 48. Kh1 Bf6 49. a5 Bxh4 50. Ra7 Bf2 51. Ra8+ Kh7 52. a6 Kg6 53. Kg2 Bb6 54. Kf1 Kf5 55. Rf8 Rxa6 56. Rxf7+ Kg6 57. Re7 Bc5 58. Rc7 Bd6 59. Rc2 h4 60. Rg2+ Kf7 61. Rg4 h3 62. Rg1 h2 63. Rh1 Ra1+ 64. Kg2 Rxh1 65. Kxh1 e5 66. Kg2 e4 67. Kh1 e3 68. Kg2 e2 69. Kf2 h1=Q 70. Kxe2 Qh3 71. Kf2 Kf6 72. Ke2 Qg3 73. Kd1 Qf2 74. Kc1 Ke5 75. Kb1 Kd4 76. Kc1 Kc3 77. Kd1 Qd2# 0-1

[Event "Junior Online 4NCL Division 3"]
[Site "online"]
[Date "2021.09.16"]
[EventDate "2021.09.16"]
[Round "3.94"]
[White "Mo, Alex"]
[WhiteElo "1304"]
[WhiteTeam "Desert Penguins Saturn"]
[Black "Agasee, Emilio"]
[BlackElo "1191"]
[BlackTeam "Coldfall Bishops"]
[Result "1-0"]
[PlyCount "127"]

1. d4 e5 2. dxe5 Nc6 3. Nf3 Qe7 4. Nc3 Nxe5 5. Nxe5 Qxe5 6. g3 Bb4 7. Bd2 Nf6 8. a3 Bxc3 9. Bxc3 Qe4 10. Rg1 O-O 11. Bg2 Qe6 12. Qd3 Re8 13. e3 Ne4 14. Bxe4 Qxe4 15. Qxe4 Rxe4 16. O-O-O d6 17. Rd4 Rxd4 18. Bxd4 Bf5 19. Rd1 c5 20. Bc3 Rd8 21. Rd5 Be6 22. Rd2 b5 23. e4 d5 24. exd5 Rxd5 25. Rxd5 Bxd5 26. Kd2 f5 27. f4 h6 28. b4 c4 29. Be5 g5 30. c3 g4 31. Ke3 Kf7 32. Kd4 Ke6 33. Kc5 h5 34. Kxb5 Kd7 35. Kc5 Be6 36. b5 Kc8 37. a4 Kb7 38. a5 a6 39. b6 Bf7 40. Kd6 Bg8 41. Kd7 Bd5 42. Ke7 Bg8 43. Kf6 Bh7 44. Kg5 Kc6 45. Kxh5 Bg8 46. Kg5 Be6 47. Kf6 Bd7 48. Bd4 Bc8 49. Kg5 Kd5 50. Kf6 Ke4 51. Ke7 Kf3 52. Kd6 Bb7 53. Kc7 Be4 54. b7 Bxb7 55. Kxb7 Kg2 56. Kxa6 Kxh2 57. Kb7 Kxg3 58. a6 Kxf4 59. a7 g3 60. a8=Q g2 61. Qb8+ Kg4 62. Qg8+ Kh3 63. Qg5 Kh2 64. Qh4# 1-0

[Event "Junior Online 4NCL Division 3"]
[Site "online"]
[Date "2021.09.16"]
[EventDate "2021.09.16"]
[Round "3.95"]
[White "Bharat Kumar, Balahari"]
[WhiteElo "1489"]
[WhiteTeam "Desert Penguins Saturn"]
[Black "Spitz, Danny"]
[BlackElo "1370"]
[BlackTeam "Coldfall Bishops"]
[Result "1-0"]
[PlyCount "45"]

1. d4 Nf6 2. c4 g6 3. Nc3 Bg7 4. g3 d6 5. Bg2 Nbd7 6. Nf3 O-O 7. O-O e5 8. e4 Nb6 9. dxe5 Ng4 10. exd6 Nxc4 11. dxc7 Qxc7 12. Qb3 Be6 13. Qc2 Rfd8 14. h3 Nge5 15. Nxe5 Nxe5 16. Bf4 Qb6 17. Rfd1 Nc4 18. Rac1 Qxb2 19. Qxb2 Nxb2 20. Rxd8+ Rxd8 21. Nd5 Rd7 22. Rc8+ Bf8 23. Bh6 1-0

[Event "Junior Online 4NCL Division 3"]
[Site "online"]
[Date "2021.09.16"]
[EventDate "2021.09.16"]
[Round "3.96"]
[White "Haga, Xander"]
[WhiteElo "1175"]
[WhiteTeam "Coldfall Bishops"]
[Black "Longia-Zaidi, Ismail"]
[BlackElo "1317"]
[BlackTeam "Desert Penguins Saturn"]
[Result "0-1"]
[PlyCount "142"]

1. e4 c5 2. Nc3 a6 3. Nge2 d6 4. d4 cxd4 5. Nxd4 Nf6 6. Bg5 e6 7. Nf3 Be7 8. e5 dxe5 9. Qxd8+ Bxd8 10. Nxe5 O-O 11. Bd3 b5 12. O-O Bb7 13. Nf3 Bb6 14. Bxf6 gxf6 15. Nd2 Kh8 16. g3 Nd7 17. Nde4 f5 18. Nd2 Ne5 19. a4 b4 20. Ne2 Rad8 21. Nf4 Bd4 22. Rab1 Rg8 23. Nb3 Bb6 24. Nd2 Nd7 25. Nc4 Bc7 26. Ng2 Nc5 27. Be2 Ne4 28. f3 Nf6 29. c3 f4 30. g4 b3 31. Bd1 Bb8 32. Bxb3 Nxg4 33. fxg4 Rxg4 34. Rf2 Ba7 35. h3 Bxf2+ 36. Kxf2 Rxg2+ 37. Kf1 Rh2 38. Na5 Be4 39. Re1 Rh1+ 40. Kf2 Rxe1 41. Kxe1 f3 42. Nc4 Rg8 43. Kf2 Rg2+ 44. Kf1 Bd3+ 45. Ke1 f2+ 46. Kd2 f1=Q+ 47. Ke3 Qe2+ 48. Kd4 Rf2 49. Kc5 Rf5+ 50. Kb4 a5+ 51. Nxa5 Qe4+ 52. Nc4 Qb7+ 53. Ka3 Bxc4 54. Bxc4 Rf2 55. b3 Qe7+ 56. b4 Qf6 57. Kb3 Rf3 58. a5 Qxc3+ 59. Ka4 Qc2+ 60. Kb5 Rf5+ 61. Kb6 Qxc4 62. a6 Qxb4+ 63. Kc7 Ra5 64. a7 Rxa7+ 65. Kc6 Ra6+ 66. Kc7 Qe7+ 67. Kb8 Qa7+ 68. Kc8 Rc6+ 69. Kd8 Qc7+ 70. Ke8 Rb6 71. Kf8 Rb8# 0-1

[Event "Junior Online 4NCL Division 3"]
[Site "online"]
[Date "2021.09.16"]
[EventDate "2021.09.16"]
[Round "3.97"]
[White "Dane, Antony"]
[WhiteElo "1361"]
[WhiteTeam "Desert Penguins Saturn"]
[Black "Haga, Viktor"]
[BlackElo "1173"]
[BlackTeam "Coldfall Bishops"]
[Result "1-0"]
[PlyCount "69"]

1. d4 e6 2. c4 Nf6 3. Nc3 Be7 4. e4 d6 5. Nge2 O-O 6. Ng3 e5 7. d5 c6 8. Be2 cxd5 9. cxd5 Nbd7 10. Be3 b6 11. O-O Bb7 12. Qc2 Rc8 13. Nf5 h6 14. Qd2 Ne8 15. Nxh6+ gxh6 16. Bxh6 Ng7 17. f4 Bf6 18. Nb5 Qe7 19. Nxa7 Ra8 20. Nb5 Ba6 21. Nc7 Bxe2 22. Qxe2 Rac8 23. Rac1 Nc5 24. Nb5 exf4 25. Rxf4 Bg5 26. Bxg5 Qxg5 27. Rcf1 Qe5 28. Qg4 Nd3 29. Rf5 Qxb2 30. Nxd6 Rc1 31. h3 Rxf1+ 32. Rxf1 Rd8 33. Nf5 Ra8 34. d6 Ne5 35. Qxg7# 1-0

[Event "Junior Online 4NCL Division 3"]
[Site "online"]
[Date "2021.09.16"]
[EventDate "2021.09.16"]
[Round "3.98"]
[White "Agasee, Emilio"]
[WhiteElo "1191"]
[WhiteTeam "Coldfall Bishops"]
[Black "Mo, Alex"]
[BlackElo "1304"]
[BlackTeam "Desert Penguins Saturn"]
[Result "0-1"]
[PlyCount "78"]

1. e4 c5 2. Nf3 d6 3. b3 Nd7 4. Bb2 Ngf6 5. Nc3 e6 6. d4 cxd4 7. Nxd4 b6 8. Nc6 Qc7 9. Bb5 Bb7 10. Nd4 Nxe4 11. Nxe4 Bxe4 12. O-O Be7 13. Nc6 Bxc6 14. Bxc6 Qxc6 15. Bxg7 Rg8 16. Qg4 Bf6 17. Rae1 Rxg7 18. Qh3 Ne5 19. Re3 Ke7 20. f4 Rag8 21. g3 Qc5 22. Re1 Ng4 23. Qg2 Nxe3 24. Qb7+ Kd8 25. Qb8+ Qc8 26. Qxd6+ Ke8 27. Rxe3 Be7 28. Qe5 Rg6 29. Rc3 Qd8 30. Qb5+ Kf8 31. Rd3 Qe8 32. Qa6 Bc5+ 33. Kf1 e5 34. fxe5 Re6 35. Qxa7 Rxe5 36. Rf3 Re1+ 37. Kg2 Rg1+ 38. Kh3 Qe6+ 39. Kh4 Qh6# 0-1

[Event "Junior Online 4NCL Division 3"]
[Site "online"]
[Date "2021.09.16"]
[EventDate "2021.09.16"]
[Round "3.101"]
[White "Narasimhan, Srivathsan"]
[WhiteElo "501"]
[WhiteTeam "East Kilbride Rooks"]
[Black "Gururaj, Rithwik"]
[BlackElo "1601"]
[BlackTeam "Leeds Juniors 1"]
[Result "0-1"]
[PlyCount "72"]

1. e4 c5 2. Nc3 d6 3. Nf3 Nf6 4. d4 cxd4 5. Nxd4 g6 6. Bc4 Bg7 7. Be3 O-O 8. O-O Nc6 9. Nxc6 bxc6 10. e5 dxe5 11. Qe2 Nd5 12. Bxd5 cxd5 13. Rad1 e6 14. Bc5 Re8 15. Rc1 Bb7 16. Nd1 Qg5 17. Ne3 d4 18. Ng4 h5 19. f3 hxg4 20. fxg4 Bd5 21. c4 Bc6 22. g3 e4 23. h4 Qd8 24. Qf2 Qd7 25. Rcd1 e3 26. Qf4 e5 27. Qg5 e2 28. Rfe1 exd1=Q 29. Rxd1 d3 30. h5 gxh5 31. gxh5 f6 32. Qg6 Qf7 33. Qxd3 Rad8 34. Qe2 Rxd1+ 35. Qxd1 Qxc4 36. Qg4 Qxg4 0-1

[Event "Junior Online 4NCL Division 3"]
[Site "online"]
[Date "2021.09.16"]
[EventDate "2021.09.16"]
[Round "3.102"]
[White "Khan, Leo"]
[WhiteElo "1623"]
[WhiteTeam "Leeds Juniors 1"]
[Black "Vinodh, Sampriti"]
[BlackElo "336"]
[BlackTeam "East Kilbride Rooks"]
[Result "1-0"]
[PlyCount "47"]

1. e4 e5 2. Nf3 Nc6 3. Bc4 Nf6 4. Ng5 Qe7 5. Nxf7 Rg8 6. Ng5 Rh8 7. d3 h6 8. Nf7 Rg8 9. Nxh6 Rh8 10. Nf7 Rh7 11. Nc3 d6 12. h3 Be6 13. Ng5 Rh8 14. Nxe6 a6 15. Nxf8 Qxf8 16. Be3 b5 17. Bd5 Nxd5 18. Nxd5 Nb4 19. Nxc7+ Kd8 20. Nxa8 Kd7 21. Nb6+ Kd8 22. a3 Nc6 23. Qg4 Ne7 24. Qd7# 1-0

[Event "Junior Online 4NCL Division 3"]
[Site "online"]
[Date "2021.09.16"]
[EventDate "2021.09.16"]
[Round "3.103"]
[White "Vusikala, Tarun"]
[WhiteElo "347"]
[WhiteTeam "East Kilbride Rooks"]
[Black "Rowe, Angelica"]
[BlackElo "1449"]
[BlackTeam "Leeds Juniors 1"]
[Result "0-1"]
[PlyCount "84"]

1. e4 e5 2. Nf3 Nc6 3. Nc3 Bc5 4. Bc4 Nge7 5. d3 O-O 6. Qe2 d6 7. Be3 Bxe3 8. Qxe3 Be6 9. Bxe6 fxe6 10. O-O-O d5 11. exd5 exd5 12. Nxe5 d4 13. Nxc6 Nxc6 14. Qd2 dxc3 15. Qxc3 Nd4 16. Qc4+ Kh8 17. Rhe1 Rxf2 18. Re4 Rxc2+ 19. Qxc2 Nxc2 20. Kxc2 Qg5 21. Rde1 Qxg2+ 22. Kb1 h6 23. h4 Rf8 24. h5 Rf1 25. a3 Rxe1+ 26. Rxe1 Qg3 27. Re8+ Kh7 28. Rf8 Qxd3+ 29. Ka1 Qd1+ 30. Ka2 Qxh5 31. Rb8 c5 32. Rxb7 Qd5+ 33. Rb3 c4 34. Rb4 c3+ 35. Kb1 Qd3+ 36. Kc1 Qd2+ 37. Kb1 c2+ 38. Ka2 c1=Q 39. Rb7 Qd5+ 40. Rb3 Qcc4 41. a4 Qxb3+ 42. Kb1 Qdd1# 0-1

[Event "Junior Online 4NCL Division 3"]
[Site "online"]
[Date "2021.09.16"]
[EventDate "2021.09.16"]
[Round "3.105"]
[White "Gururaj, Rithwik"]
[WhiteElo "1601"]
[WhiteTeam "Leeds Juniors 1"]
[Black "Narasimhan, Srivathsan"]
[BlackElo "501"]
[BlackTeam "East Kilbride Rooks"]
[Result "1-0"]
[PlyCount "31"]

1. d4 d5 2. c4 Nf6 3. Nc3 Nc6 4. Nf3 dxc4 5. e4 Bg4 6. d5 Ne5 7. h3 Nd3+ 8. Bxd3 cxd3 9. hxg4 Nxg4 10. Qxd3 e6 11. Bg5 f6 12. Bh4 g5 13. Bg3 Qd7 14. O-O-O O-O-O 15. Nb5 c6 16. Nxa7# 1-0

[Event "Junior Online 4NCL Division 3"]
[Site "online"]
[Date "2021.09.16"]
[EventDate "2021.09.16"]
[Round "3.106"]
[White "Vinodh, Sampriti"]
[WhiteElo "336"]
[WhiteTeam "East Kilbride Rooks"]
[Black "Khan, Leo"]
[BlackElo "1623"]
[BlackTeam "Leeds Juniors 1"]
[Result "0-1"]
[PlyCount "110"]

1. e4 c6 2. Nf3 d5 3. Nc3 dxe4 4. Ne5 Nf6 5. Bc4 e6 6. Nf3 exf3 7. gxf3 Bc5 8. d3 Qd4 9. Qe2 Qd6 10. Bg5 Nd5 11. Ne4 Qd7 12. Nxc5 Qc7 13. Bxd5 Qa5+ 14. c3 Qxc5 15. Qe5 f6 16. Qe3 Qxd5 17. Bf4 O-O 18. c4 Qa5+ 19. Kd1 e5 20. Bg3 Nd7 21. f4 Qc5 22. Rc1 exf4 23. Bxf4 Qxe3 24. Bxe3 Ne5 25. Kd2 Bf5 26. Bd4 Nxd3 27. Rcd1 Rfd8 28. Bc5 Nxf2+ 29. Kc1 Rxd1+ 30. Rxd1 Nxd1 31. Kxd1 b6 32. Be3 c5 33. b3 Rd8+ 34. Ke2 Bb1 35. a4 Rd3 36. Bf4 Rxb3 37. Bb8 a6 38. Bc7 b5 39. Bd6 Bd3+ 40. Kd2 Bxc4 41. Bxc5 Rd3+ 42. Kc2 Rh3 43. axb5 axb5 44. Bg1 b4 45. Kb2 b3 46. Bf2 Rxh2 47. Kb1 Rxf2 48. Kc1 Rc2+ 49. Kb1 Rh2 50. Kc1 Rg2 51. Kb1 h5 52. Kc1 h4 53. Kd1 h3 54. Ke1 h2 55. Kd1 h1=Q# 0-1

[Event "Junior Online 4NCL Division 3"]
[Site "online"]
[Date "2021.09.16"]
[EventDate "2021.09.16"]
[Round "3.107"]
[White "Rowe, Angelica"]
[WhiteElo "1449"]
[WhiteTeam "Leeds Juniors 1"]
[Black "Vusikala, Tarun"]
[BlackElo "347"]
[BlackTeam "East Kilbride Rooks"]
[Result "1-0"]
[PlyCount "49"]

1. e4 e5 2. Bc4 Nc6 3. Ne2 Nf6 4. d3 Bc5 5. O-O d6 6. Be3 Qe7 7. Bxc5 dxc5 8. f4 exf4 9. Nxf4 Bd7 10. Nd5 Nxd5 11. Bxd5 O-O-O 12. Nc3 Qe5 13. a4 Qd4+ 14. Kh1 Be6 15. Bxc6 bxc6 16. Ne2 Bg4 17. Qe1 Bxe2 18. Qxe2 Qxb2 19. Qg4+ Kb8 20. Rab1 Qb6 21. Rxb6+ cxb6 22. Rxf7 b5 23. Qf4+ Ka8 24. Qc7 Rc8 25. Qxa7# 1-0

[Event "Junior Online 4NCL Division 3"]
[Site "online"]
[Date "2021.09.16"]
[EventDate "2021.09.16"]
[Round "3.111"]
[White "Ehrlich, Ben"]
[WhiteElo "1359"]
[WhiteTeam "JHJ Shark Tank 6"]
[Black "Chung, Daniel"]
[BlackElo "1479"]
[BlackTeam "Young Dragons B"]
[Result "0-1"]
[PlyCount "30"]

1. e4 c5 2. Nf3 e6 3. c3 Nc6 4. Bb5 Qb6 5. Qe2 a6 6. Ba4 Be7 7. Na3 Nf6 8. O-O O-O 9. Bb3 Qd8 10. d4 cxd4 11. Nxd4 d5 12. f3 Qb6 13. Qe3 Bc5 14. e5 Nd7 15. f4 Nxd4 0-1

[Event "Junior Online 4NCL Division 3"]
[Site "online"]
[Date "2021.09.16"]
[EventDate "2021.09.16"]
[Round "3.112"]
[White "Davies, Milo"]
[WhiteElo "1482"]
[WhiteTeam "Young Dragons B"]
[Black "Nilim, Armaan"]
[BlackElo "1327"]
[BlackTeam "JHJ Shark Tank 6"]
[Result "0-1"]
[PlyCount "56"]

1. e4 e5 2. Nf3 Nc6 3. Bc4 Nf6 4. Ng5 d5 5. exd5 Na5 6. Bb5+ c6 7. dxc6 bxc6 8. Be2 h6 9. Nf3 e4 10. Ne5 Bd6 11. Nc4 Nxc4 12. Bxc4 O-O 13. O-O Bb7 14. Nc3 c5 15. Re1 Re8 16. d3 Qc7 17. h3 exd3 18. Rxe8+ Rxe8 19. Bxd3 Qe7 20. Be3 Qe5 21. g3 Qe7 22. Qd2 Nh5 23. Re1 Nf6 24. Nb5 a6 25. Nxd6 Qxd6 26. Kh2 Qd5 27. f3 Qxf3 28. Bf1 Qh1# 0-1

[Event "Junior Online 4NCL Division 3"]
[Site "online"]
[Date "2021.09.16"]
[EventDate "2021.09.16"]
[Round "3.113"]
[White "Pipalia, Rishi"]
[WhiteElo "1310"]
[WhiteTeam "JHJ Shark Tank 6"]
[Black "Nukalapati, Sarthak"]
[BlackElo "1493"]
[BlackTeam "Young Dragons B"]
[Result "0-1"]
[PlyCount "66"]

1. e4 e5 2. Nf3 Nc6 3. Bc4 Nf6 4. Ng5 d5 5. exd5 Na5 6. Bb3 Nxb3 7. axb3 Nxd5 8. d3 h6 9. Nf3 Bd6 10. Nc3 Nxc3 11. bxc3 Bg4 12. Qe2 f6 13. Qe4 Bxf3 14. Qxf3 Qe7 15. Qxb7 Rd8 16. Rxa7 f5 17. Ra8 Kf7 18. Rxd8 Rxd8 19. Qd5+ Ke8 20. Qb5+ Kf8 21. O-O g5 22. Re1 f4 23. d4 e4 24. Qf5+ Kg7 25. Rxe4 Qf6 26. Qxf6+ Kxf6 27. f3 Ra8 28. Bd2 Ra2 29. Re2 Rxc2 30. g3 Kf5 31. gxf4 Bxf4 32. Re7 Rxd2 33. Rxc7 Bxc7 0-1

[Event "Junior Online 4NCL Division 3"]
[Site "online"]
[Date "2021.09.16"]
[EventDate "2021.09.16"]
[Round "3.114"]
[White "Ryan, Tabitha"]
[WhiteElo "1435"]
[WhiteTeam "Young Dragons B"]
[Black "Harb, Laith A"]
[BlackElo "1294"]
[BlackTeam "JHJ Shark Tank 6"]
[Result "1-0"]
[PlyCount "69"]

1. Nf3 d5 2. d4 e6 3. Bf4 Nf6 4. e3 Be7 5. Bd3 O-O 6. Nbd2 Nbd7 7. h3 b6 8. c3 Bb7 9. Qc2 h6 10. g4 c5 11. O-O-O c4 12. Be2 b5 13. Rdg1 a5 14. h4 b4 15. g5 Ne8 16. gxh6 Bf6 17. hxg7 Nxg7 18. h5 Kh8 19. h6 Nf5 20. Bg5 Bxg5 21. Rxg5 Rg8 22. Rhg1 Rxg5 23. Nxg5 bxc3 24. Nxf7+ Kh7 25. Nxd8 Kxh6 26. Nxb7 cxd2+ 27. Kxd2 Rb8 28. Nxa5 Nb6 29. Nc6 Rb7 30. Bg4 c3+ 31. Ke2 Nc4 32. b3 Nxd4+ 33. exd4 Kg5 34. Bxe6+ Kf4 35. Qf5# 1-0

[Event "Junior Online 4NCL Division 3"]
[Site "online"]
[Date "2021.09.16"]
[EventDate "2021.09.16"]
[Round "3.115"]
[White "Chung, Daniel"]
[WhiteElo "1479"]
[WhiteTeam "Young Dragons B"]
[Black "Ehrlich, Ben"]
[BlackElo "1359"]
[BlackTeam "JHJ Shark Tank 6"]
[Result "1-0"]
[PlyCount "119"]

1. d4 Nf6 2. c4 g6 3. Nc3 d6 4. g3 Bg7 5. Bg2 Nc6 6. Bg5 O-O 7. Bxf6 Bxf6 8. e3 Bf5 9. Nge2 Na5 10. Qa4 c6 11. e4 Bd7 12. O-O c5 13. Qd1 Nxc4 14. b3 cxd4 15. Nd5 Nb6 16. Nxf6+ exf6 17. Qxd4 Bb5 18. Rfe1 Qe7 19. Nc3 Bc6 20. Nd5 Qe5 21. Qxe5 fxe5 22. Nxb6 axb6 23. Red1 Rfd8 24. Rd2 f5 25. exf5 Bxg2 26. Kxg2 gxf5 27. Rad1 Kf7 28. Rxd6 Ke7 29. R6d5 Rxd5 30. Rxd5 Ke6 31. Rb5 Ra6 32. a4 h6 33. f3 e4 34. fxe4 fxe4 35. Kf2 Ra8 36. Rxb6+ Kd5 37. Rxb7 Rf8+ 38. Ke2 Rf3 39. a5 Rc3 40. a6 Rc2+ 41. Ke3 Ra2 42. a7 Kc6 43. Rh7 Ra3 44. Kxe4 h5 45. Kf4 Kc5 46. Kg5 Kb4 47. Kxh5 Kxb3 48. h4 Kc3 49. g4 Kd4 50. g5 Ke5 51. g6 Kf4 52. g7 Rxa7 53. g8=Q Ra5+ 54. Qg5+ Rxg5+ 55. hxg5 Kf5 56. g6 Kf4 57. g7 Kg3 58. g8=Q+ Kh3 59. Qg4+ Kh2 60. Kg5# 1-0

[Event "Junior Online 4NCL Division 3"]
[Site "online"]
[Date "2021.09.16"]
[EventDate "2021.09.16"]
[Round "3.116"]
[White "Nilim, Armaan"]
[WhiteElo "1327"]
[WhiteTeam "JHJ Shark Tank 6"]
[Black "Davies, Milo"]
[BlackElo "1482"]
[BlackTeam "Young Dragons B"]
[Result "1-0"]
[PlyCount "135"]

1. d4 d5 2. Nc3 e6 3. Bf4 Nf6 4. e3 c5 5. Nb5 Qa5+ 6. c3 Na6 7. Bd3 Ne4 8. Bxe4 Qxb5 9. Bc2 Qxb2 10. Ne2 cxd4 11. exd4 Be7 12. O-O O-O 13. Qd3 f5 14. a4 Qb6 15. Rfb1 Qc6 16. a5 Bd6 17. Ba4 Qc7 18. Bxd6 Qxd6 19. Bc2 e5 20. Qg3 f4 21. Qh4 e4 22. f3 Bf5 23. fxe4 dxe4 24. Rxb7 Qc6 25. Qe7 Qf6 26. Qxf6 Rxf6 27. Nxf4 Bc8 28. Re7 Rxf4 29. Bxe4 Rf7 30. Rxf7 Kxf7 31. Bxa8 Nc7 32. Bf3 Ne6 33. Bd5 Bd7 34. Bxe6+ Bxe6 35. Kf2 Bc4 36. Ke3 Ke6 37. g3 Kd5 38. Re1 a6 39. Kd2 Kd6 40. Re3 g6 41. Re5 Bd5 42. Ke3 h5 43. Rxd5+ Kxd5 44. Kd3 g5 45. h3 g4 46. h4 Kd6 47. Ke4 Ke6 48. c4 Kd6 49. d5 Kd7 50. Ke5 Kc7 51. Ke6 Kd8 52. d6 Ke8 53. c5 Kd8 54. d7 Kc7 55. Ke7 Kc6 56. d8=Q Kxc5 57. Ke6 Kc6 58. Qd5+ Kc7 59. Ke7 Kc8 60. Qd6 Kb7 61. Qc5 Kb8 62. Kd7 Kb7 63. Kd6 Kb8 64. Qb6+ Ka8 65. Qxa6+ Kb8 66. Qc6 Ka7 67. a6 Kb8 68. Qb7# 1-0

[Event "Junior Online 4NCL Division 3"]
[Site "online"]
[Date "2021.09.16"]
[EventDate "2021.09.16"]
[Round "3.117"]
[White "Nukalapati, Sarthak"]
[WhiteElo "1493"]
[WhiteTeam "Young Dragons B"]
[Black "Pipalia, Rishi"]
[BlackElo "1310"]
[BlackTeam "JHJ Shark Tank 6"]
[Result "1-0"]
[PlyCount "35"]

1. e4 e5 2. Nf3 Nf6 3. Nc3 Nc6 4. d4 exd4 5. Nxd4 Bc5 6. Nxc6 bxc6 7. Bd3 d5 8. Bg5 dxe4 9. Nxe4 Be7 10. Bxf6 Bxf6 11. Nxf6+ Qxf6 12. O-O O-O 13. b3 c5 14. Be4 Rb8 15. Qh5 g6 16. Qxc5 Qe6 17. Bd5 Qe5 18. Bxf7+ 1-0

[Event "Junior Online 4NCL Division 3"]
[Site "online"]
[Date "2021.09.16"]
[EventDate "2021.09.16"]
[Round "3.121"]
[White "Zhou, Richard"]
[WhiteElo "1300"]
[WhiteTeam "Edgware Gambits D"]
[Black "Bedretdinov, Rasul"]
[BlackElo "1155"]
[BlackTeam "Tetherdown Bishops"]
[Result "0-1"]
[PlyCount "54"]

1. d4 d5 2. c4 e6 3. Nf3 Nf6 4. Nc3 a6 5. cxd5 exd5 6. e3 Be7 7. Bd3 O-O 8. O-O h6 9. Bd2 Bg4 10. Be2 Be6 11. Ne5 Nbd7 12. Nxd7 Qxd7 13. Re1 Bd6 14. h3 Bxh3 15. g3 Qf5 16. Kh2 h5 17. Qb3 h4 18. Rg1 hxg3+ 19. Rxg3 Bxg3+ 20. fxg3 Qh7 21. Rh1 Rad8 22. Kg1 Qf5 23. Qxb7 Nh5 24. Qxc7 Rfe8 25. Kh2 Rc8 26. Qb7 Qf2+ 27. Kxh3 Qxg3# 0-1

[Event "Junior Online 4NCL Division 3"]
[Site "online"]
[Date "2021.09.16"]
[EventDate "2021.09.16"]
[Round "3.122"]
[White "Kirk, Alex"]
[WhiteElo "1111"]
[WhiteTeam "Tetherdown Bishops"]
[Black "Jowell, Leo"]
[BlackElo "1291"]
[BlackTeam "Edgware Gambits D"]
[Result "0-1"]
[PlyCount "80"]

1. e4 c5 2. Nc3 g6 3. Nf3 Bg7 4. Bc4 Nc6 5. d3 Nf6 6. O-O O-O 7. Ng5 Ne5 8. Bf4 d6 9. Bxe5 dxe5 10. Qf3 b6 11. Qg3 Nh5 12. Qh4 Bf6 13. g4 h6 14. gxh5 Bxg5 15. Qg3 Bf4 16. Qf3 e6 17. hxg6 Qg5+ 18. Qg2 Qh5 19. h3 fxg6 20. Kh1 Bb7 21. Bxe6+ Kg7 22. Rg1 Rf6 23. Bd5 Rb8 24. Bxb7 Rxb7 25. Nd5 Rf8 26. Nxf4 Rxf4 27. Qg3 Rf3 28. Qg4 Rxh3+ 29. Kg2 Qxg4+ 30. Kf1 Qf3 31. Re1 Rh2 32. Re2 Qh3+ 33. Ke1 Rh1 34. Rxh1 Qxh1+ 35. Kd2 Rd7 36. c4 Qh3 37. Re3 Qf1 38. Re2 b5 39. cxb5 c4 40. Ke3 Rxd3# 0-1

[Event "Junior Online 4NCL Division 3"]
[Site "online"]
[Date "2021.09.16"]
[EventDate "2021.09.16"]
[Round "3.123"]
[White "Srinivasan, Gowri"]
[WhiteElo "1205"]
[WhiteTeam "Edgware Gambits D"]
[Black "Murphy, Sam"]
[BlackElo "1105"]
[BlackTeam "Tetherdown Bishops"]
[Result "0-1"]
[PlyCount "128"]

1. d4 d5 2. Nc3 Nf6 3. Nf3 Bf5 4. Bf4 e6 5. e3 Bb4 6. a3 Bxc3+ 7. bxc3 Nc6 8. Bb5 a6 9. Ba4 b5 10. Bb3 Ne4 11. O-O Nxc3 12. Qd2 Ne4 13. Qe1 O-O 14. a4 Qd7 15. axb5 axb5 16. Rb1 Rab8 17. Ne5 Nxe5 18. dxe5 Qc6 19. Qe2 Nc3 20. Qf3 Nxb1 21. Rxb1 Bxc2 22. Rc1 Be4 23. Rxc6 Bxf3 24. gxf3 Rfc8 25. h4 Rb6 26. Rc1 c6 27. Kh2 Ra6 28. Rg1 Ra3 29. Bd1 Ra2 30. Rg2 c5 31. Bh6 g6 32. h5 Rc7 33. f4 c4 34. hxg6 fxg6 35. Bh5 c3 36. e4 dxe4 37. f5 exf5 38. Rg1 Rxf2+ 39. Kh1 Re7 40. Bd1 Rxe5 41. Bb3+ Kh8 42. Ra1 Re8 43. Ra7 Rg8 44. Bxg8 Kxg8 45. Rg7+ Kh8 46. Rb7 Kg8 47. Rxb5 c2 48. Rc5 Rf1+ 49. Kg2 c1=Q 50. Bxc1 Rxc1 51. Rxc1 Kf7 52. Rh1 h5 53. Kf2 Kf6 54. Rf1 Ke5 55. Ke2 f4 56. Rg1 Kf5 57. Kf2 g5 58. Ke2 h4 59. Kd2 g4 60. Kc3 f3 61. Kd4 h3 62. Re1 h2 63. Rh1 g3 64. Ke3 g2 0-1

[Event "Junior Online 4NCL Division 3"]
[Site "online"]
[Date "2021.09.16"]
[EventDate "2021.09.16"]
[Round "3.124"]
[White "Thorburn, Rory"]
[WhiteElo "1128"]
[WhiteTeam "Tetherdown Bishops"]
[Black "Dalah, Jacob"]
[BlackElo "1125"]
[BlackTeam "Edgware Gambits D"]
[Result "0-1"]
[PlyCount "42"]

1. e4 e5 2. Nf3 Nc6 3. Nc3 Be7 4. g3 Nf6 5. Bc4 O-O 6. d3 d6 7. Bg5 Bg4 8. h3 Bh5 9. g4 Nxg4 10. hxg4 Bxg4 11. Rg1 Bxf3 12. Qxf3 Bxg5 13. Qh3 h6 14. f3 Nd4 15. Rd1 Nxc2+ 16. Ke2 Nd4+ 17. Ke1 Bh4+ 18. Kd2 Qf6 19. Rdf1 Qf4+ 20. Kd1 Bg5 21. Rf2 Qc1# 0-1

[Event "Junior Online 4NCL Division 3"]
[Site "online"]
[Date "2021.09.16"]
[EventDate "2021.09.16"]
[Round "3.125"]
[White "Bedretdinov, Rasul"]
[WhiteElo "1155"]
[WhiteTeam "Tetherdown Bishops"]
[Black "Zhou, Richard"]
[BlackElo "1300"]
[BlackTeam "Edgware Gambits D"]
[Result "1/2-1/2"]
[PlyCount "57"]

1. e4 c5 2. Nf3 Nc6 3. Nc3 Nf6 4. d4 e6 5. h3 b6 6. Be3 Bb7 7. Qd2 Be7 8. e5 Nd5 9. Nxd5 exd5 10. O-O-O O-O 11. g4 c4 12. h4 a5 13. h5 h6 14. g5 hxg5 15. Nxg5 b5 16. h6 g6 17. h7+ Kg7 18. Ne6+ dxe6 19. Bh6+ Kh8 20. Bxf8 Qxf8 21. f4 b4 22. f5 exf5 23. c3 b3 24. a3 Bxa3 25. bxa3 Qxa3+ 26. Kb1 b2 27. Qxb2 Qxb2+ 28. Kxb2 a4 29. Ra1 1/2-1/2

[Event "Junior Online 4NCL Division 3"]
[Site "online"]
[Date "2021.09.16"]
[EventDate "2021.09.16"]
[Round "3.126"]
[White "Jowell, Leo"]
[WhiteElo "1291"]
[WhiteTeam "Edgware Gambits D"]
[Black "Kirk, Alex"]
[BlackElo "1111"]
[BlackTeam "Tetherdown Bishops"]
[Result "0-1"]
[PlyCount "82"]

1. d4 d5 2. c4 e6 3. Nc3 Nf6 4. Bf4 Nc6 5. Nf3 Bd6 6. Bxd6 cxd6 7. e3 O-O 8. Bd3 e5 9. cxd5 Nb4 10. dxe5 dxe5 11. Ne4 Nxe4 12. Bxe4 Qa5 13. O-O Qb6 14. Nxe5 Re8 15. Bxh7+ Kxh7 16. Qh5+ Kg8 17. Qxf7+ Kh7 18. Qxe8 Qf6 19. Qh5+ Kg8 20. Ng4 Bxg4 21. Qxg4 Nd3 22. Rad1 Nxb2 23. Rd2 Nc4 24. Rd4 Ne5 25. Qe6+ Qxe6 26. dxe6 Re8 27. Rd6 Nc4 28. Rd4 Ne5 29. Re1 Rxe6 30. e4 Rg6 31. f4 Nf3+ 32. Kf1 Nxd4 33. e5 Kf8 34. f5 Nxf5 35. e6 Ke7 36. g4 Rxg4 37. Re5 Rf4+ 38. Kg2 Nd4 39. Kg3 Rf6 40. Re4 Nxe6 41. Kg4 g6 0-1